| 000 | 00979nam a22001937a 4500 | ||
|---|---|---|---|
| 005 | 20260314120647.0 | ||
| 008 | 260314b |||||||| |||| 00| 0 eng d | ||
| 020 |
_a9780521640527 _qhbk |
||
| 041 | _aeng | ||
| 082 |
_a149.97 _bCON |
||
| 100 | _aConnor Steven | ||
| 245 |
_aThe Cambridge Companion to Postmodernism _c/Steven Connor |
||
| 260 |
_bCambridge Univ Pr _c2004. |
||
| 300 |
_a237P,; _c20 cm. |
||
| 504 | _aindex | ||
| 520 | _aOffering a comprehensive introduction to postmodernism, this Companion features examinations of the different aspects of postmodernist thought and culture that have had a significant effect on contemporary critical thought. Topics discussed by experts in the field include postmodernism's relation to modernity, and its significance and relevance to literature, film, law, philosophy, and modern cultural studies. Additional material includes a guide to further reading and a chronology. | ||
| 650 | _aAnthropology | ||
| 942 | _cENGLISH | ||
| 999 |
_c617724 _d617724 |
||